|
|
|
|
| LEADER |
01217nam a2200325 a 4500 |
| 001 |
AAL1562 |
| 003 |
BD-DhAAL |
| 005 |
20160210170636.0 |
| 008 |
150208s1991 ilua b 001 0 eng |
| 010 |
|
|
|a 90039485
|
| 020 |
|
|
|a 0830412409
|
| 040 |
|
|
|a DLC
|c DLC
|d DLC
|d BD-DhAAL
|
| 050 |
0 |
0 |
|a HQ536
|b .C716 1991
|
| 082 |
0 |
0 |
|a 306.8
|2 20
|
| 999 |
|
|
|c 33602
|d 33602
|
| 999 |
|
|
|c 33602
|
| 100 |
1 |
|
|a Collins, Randall,
|d 1941-
|9 8034
|
| 245 |
1 |
0 |
|a Sociology of marriage and the family :
|b gender, love, and property /
|c Randall Collins, Scott Coltrane.
|
| 250 |
|
|
|a 3rd ed.
|
| 260 |
|
|
|a Chicago :
|b Nelson-Hall,
|c c1991.
|
| 300 |
|
|
|a 1 v. (various pagings) :
|b ill.(some col.) ;
|c 25 cm.
|
| 490 |
|
|
|a The Nelson-Hall series in sociology
|
| 504 |
|
|
|a Includes bibliographical references and indexes.
|
| 541 |
|
|
|e 1562
|
| 650 |
|
0 |
|a Families
|z United States.
|9 8035
|
| 650 |
|
0 |
|a Families
|v Cross-cultural studies.
|9 8036
|
| 650 |
|
0 |
|a Family life education
|z United States.
|9 8037
|
| 700 |
1 |
|
|a Coltrane, Scott.
|9 8038
|
| 942 |
|
|
|2 ddc
|c BK
|
| 952 |
|
|
|0 0
|1 0
|2 ddc
|4 0
|6 306_800000000000000_COL
|7 0
|9 52488
|a SCL
|b SCL
|c GEN
|d 2015-02-08
|e Gift: The Asia Foundation
|l 3
|m 7
|o 306.8 COL
|p 3020001562
|r 2025-09-15
|s 2025-08-11
|t 1
|w 2015-02-08
|y BK
|